[Event "Paris op"]
[Site "Paris"]
[Date "1997.??.??"]
[Round "?"]
[White "Tkachiev, Vladislav"]
[Black "Goldin, Alexander"]
[Result "1-0"]
[WhiteElo "2630"]
[BlackElo "2590"]
[PlyCount "60"]
[EventDate "1997.??.??"]
[EventType "swiss"]
[EventRounds "9"]
[EventCountry "FRA"]
[SourceTitle "EXT 1999"]
[Source "ChessBase"]
[SourceDate "1998.11.16"]
[SourceVersion "1"]
[SourceVersionDate "1998.11.16"]
[SourceQuality "1"]

1. d4 Nf6 2. c4 e6 3. Nf3 b6 4. a3 Ba6 5. Qc2 Bb7 6. Nc3 c5 7. e4 cxd4 8. Nxd4
Nc6 9. Nxc6 Bxc6 10. Be2 Qb8 11. f4 e5 12. Rf1 Bd6 13. g3 Qb7 14. Qd3 Qc7 15.
Be3 Bc5 16. fxe5 Qxe5 17. Rf5 Qe6 18. Nd5 Rc8 19. Qc3 d6 20. Rxf6 gxf6 21. Bg4
Bxd5 22. Bxe6 Bxe6 23. Qxf6 Rg8 24. Bg5 Kf8 25. Qe7+ Kg7 26. Bf6+ Kh6 27. Bc3
Rg4 28. Qf6+ Kh5 29. Qf3 Kg6 30. h3 Rg5 1-0

[Event "Villa Martelli"]
[Site "Villa Martelli"]
[Date "1997.06.02"]
[Round "2"]
[White "Tkachiev, Vladislav"]
[Black "Milos, Gilberto"]
[Result "1-0"]
[WhiteElo "2630"]
[BlackElo "2605"]
[PlyCount "118"]
[EventDate "1997.06.01"]
[EventType "tourn"]
[EventRounds "11"]
[EventCountry "ARG"]
[EventCategory "13"]
[SourceTitle "CBM 060"]
[Source "ChessBase"]
[SourceDate "1997.09.29"]
[SourceVersion "1"]
[SourceVersionDate "1997.09.29"]
[SourceQuality "1"]

1. d4 Nf6 2. c4 e6 3. Nf3 b6 4. a3 Ba6 5. Qc2 Bb7 6. Nc3 c5 7. e4 cxd4 8. Nxd4
Bc5 9. Nb3 Nc6 10. Bg5 h6 11. Bh4 Qe7 12. O-O-O d6 13. Kb1 O-O-O 14. Be2 Kb8
15. Rd2 g5 16. Bg3 e5 17. Rhd1 Ka8 18. f3 Rd7 19. Bf1 Rc8 20. Bf2 Bxf2 21. Rxf2
Nd8 22. Qd2 Ne6 23. Qe3 Qd8 24. Rfd2 Ba6 25. Nd5 Nxd5 26. cxd5 Nc7 27. Bd3
Bxd3+ 28. Qxd3 Ne8 29. Na1 Rdc7 30. Nc2 a5 31. Ne3 Ng7 32. Rc2 Rxc2 33. Qa6+
Kb8 34. Nxc2 Qc7 35. Ne3 Qb7 36. Qxb7+ Kxb7 37. h4 gxh4 38. Rh1 h5 39. Rxh4 f6
40. Rh3 Rc7 41. Rg3 Rf7 42. Rg6 Kc7 43. Kc2 b5 44. Kd3 f5 45. Rh6 fxe4+ 46.
fxe4 Ne8 47. Rxh5 Rf2 48. Rh7+ Kd8 49. g4 Rxb2 50. g5 Rb1 51. Ra7 Rg1 52. Nf5
Rxg5 53. Rxa5 Rh5 54. Kc3 Nf6 55. Nxd6 Kd7 56. Nxb5 Nxe4+ 57. Kb4 Rh1 58. Ra7+
Kd8 59. a4 Rb1+ 1-0

[Event "FIDE-Wch k.o."]
[Site "Groningen"]
[Date "1997.12.13"]
[Round "2.3"]
[White "Salov, Valery"]
[Black "Tkachiev, Vladislav"]
[Result "0-1"]
[WhiteElo "2680"]
[BlackElo "2615"]
[Annotator "Petursson,M"]
[PlyCount "78"]
[EventDate "1997.12.09"]
[EventType "k.o."]
[EventRounds "7"]
[EventCountry "NED"]
[SourceTitle "CBM 063"]
[Source "ChessBase"]
[SourceDate "1998.03.26"]
[SourceVersion "1"]
[SourceVersionDate "1998.03.26"]
[SourceQuality "1"]

1. d4 Nf6 2. c4 g6 3. Nf3 Bg7 4. g3 O-O 5. Bg2 d6 6. O-O Nc6 7. Nc3 a6 8. Bg5
h6 9. Bd2 e5 10. d5 Nd4 11. Ne1 Re8 12. e3 Nf5 13. Ne4 Nxe4 14. Bxe4 h5 15. Bc3
Nh6 16. Bg2 h4 17. e4 Ng4 18. Qe2 hxg3 19. fxg3 c6 20. Bf3 Nf6 21. Ng2 cxd5 22.
cxd5 Bd7 23. Qf2 Rf8 24. Ne3 Bh6 25. Rfe1 Rc8 26. a4 Kg7 27. a5 Nh7 28. Bg2 f5
29. h4 f4 30. gxf4 Bxf4 31. Bf3 Bh3 32. Rad1 Qf6 33. Ng2 Rf7 34. Rd3 Rcf8 35.
Nxf4 Qxf4 36. Bd2 Qf6 $15 37. Qg3 $2 (37. Ree3 $142) {[%tqu "En","Can you find
a winning move for Black?","Look at his queen. It does not have too many
squares to escape to. If only you could attack it!","Sacrifice your queen
temporarily!","f6f3","",15]} 37... Qxf3 38. Rxf3 Rxf3 $19 39. Qh2 Rf1+ (39...
Rf1+ 40. Rxf1 Rxf1#) 0-1

[Event "FRA-chT"]
[Site "France"]
[Date "1998.04.04"]
[Round "6"]
[White "Tkachiev, Vladislav"]
[Black "Lautier, Joel"]
[Result "1-0"]
[WhiteElo "2615"]
[BlackElo "2645"]
[PlyCount "149"]
[EventDate "1998.02.06"]
[EventType "team"]
[EventRounds "11"]
[EventCountry "FRA"]
[SourceTitle "CBM 064 Extra"]
[Source "ChessBase"]
[SourceDate "1998.07.07"]
[SourceVersion "1"]
[SourceVersionDate "1998.07.07"]
[SourceQuality "1"]

1. e4 c5 2. Nf3 e6 3. d3 Nc6 4. g3 Nge7 5. c3 g6 6. Bg2 Bg7 7. O-O O-O 8. Na3
e5 9. Re1 d5 10. exd5 Nxd5 11. Nc4 Qc7 12. Nfxe5 Nxe5 13. Nxe5 Nxc3 14. bxc3
Bxe5 15. d4 cxd4 16. cxd4 Bg7 17. Be3 Bf5 18. Qb3 Rad8 19. Rac1 Qd7 20. d5 b6
21. Bf4 Rfe8 22. h4 Bf8 23. Qb2 Bg7 24. Qb4 Bf8 25. Rxe8 Qxe8 26. d6 Qe6 27.
Qd2 Qf6 28. Re1 Rxd6 29. Bxd6 Bxd6 30. Bd5 Kg7 31. Qe3 Bc5 32. Qf3 h5 33. Re8
a5 34. Rb8 Bd4 35. Rb7 Be6 36. Qxf6+ Kxf6 37. Bxe6 Kxe6 38. Kf1 Bc5 39. Ke2 Kf6
40. f3 Ke6 41. a4 Kf6 42. f4 Ke6 43. Kf3 Kf6 44. Ra7 Bg1 45. Rc7 Ke6 46. Ke4
Bc5 47. Rc6+ Kd7 48. Kd5 Bf2 49. Rc3 Bc5 50. f5 Bd6 51. fxg6 fxg6 52. Re3 Bc7
53. Rf3 Bb8 54. Rf7+ Ke8 55. Rf3 Kd7 56. Kc4 Ke6 57. Kb5 Bd6 58. Kxb6 Bb4 59.
Kc6 Ke5 60. Kd7 Bc5 61. Kc6 Bb4 62. Rf1 Ke6 63. Rd1 Kf6 64. Kb6 Ke5 65. Rd8 Ke4
66. Rg8 Kf5 67. Ra8 Kg4 68. Rxa5 Kxg3 69. Rg5+ Kxh4 70. Rxg6 Kh3 71. Kb5 Be1
72. Kc4 h4 73. Kd3 Kh2 74. Ke2 Bc3 75. Kf3 1-0

[Event "Cannes masters k.o."]
[Site "Cannes"]
[Date "2000.02.22"]
[Round "4.1"]
[White "Tkachiev, Vladislav"]
[Black "Vaisser, Anatoli"]
[Result "1-0"]
[WhiteElo "2670"]
[BlackElo "2549"]
[PlyCount "108"]
[EventDate "2000.02.19"]
[EventType "k.o."]
[EventRounds "5"]
[EventCountry "FRA"]
[SourceTitle "CBM 076"]
[Source "ChessBase"]
[SourceDate "2000.05.31"]
[SourceVersion "1"]
[SourceVersionDate "2000.05.31"]
[SourceQuality "1"]

1. Nf3 f5 2. g3 Nf6 3. Bg2 g6 4. d4 Bg7 5. c4 d6 6. O-O O-O 7. Nc3 c6 8. b3 e5
9. dxe5 dxe5 10. Ba3 Qxd1 11. Raxd1 Re8 12. e4 Nbd7 13. Rfe1 f4 14. Bd6 fxg3
15. hxg3 Bf8 16. Bh3 Bxd6 17. Rxd6 Kg7 18. Red1 Nf8 19. Bxc8 Raxc8 20. c5 Re7
21. b4 a5 22. a3 axb4 23. axb4 Ra8 24. Nd2 Ra3 25. Rc1 Ne6 26. Kg2 Ne8 27. Rd3
Nd4 28. Nc4 Rb3 29. Rb1 Rxb1 30. Nxb1 Nc2 31. Rb3 Nc7 32. Nd6 Na6 33. b5 Nxc5
34. Rc3 Ne1+ 35. Kf1 Ned3 36. bxc6 bxc6 37. Ke2 Rd7 38. Nc4 h5 39. Nxe5 Nxe5
40. Rxc5 Re7 41. Nd2 Re6 42. f4 Nd7 43. Ra5 Re7 44. e5 g5 45. Nf3 gxf4 46. gxf4
c5 47. Ra7 Kf8 48. Rc7 Nxe5 49. Rc8+ Re8 50. Rxe8+ Kxe8 51. fxe5 Ke7 52. Kd3
Ke6 53. Ke4 c4 54. Ng5+ Ke7 1-0

[Event "Cannes masters k.o."]
[Site "Cannes"]
[Date "2000.02.22"]
[Round "4.2"]
[White "Vaisser, Anatoli"]
[Black "Tkachiev, Vladislav"]
[Result "0-1"]
[WhiteElo "2549"]
[BlackElo "2670"]
[Annotator "Huzman,A"]
[PlyCount "80"]
[EventDate "2000.02.19"]
[EventType "k.o."]
[EventRounds "5"]
[EventCountry "FRA"]
[SourceTitle "CBM 076"]
[Source "ChessBase"]
[SourceDate "2000.05.31"]
[SourceVersion "1"]
[SourceVersionDate "2000.05.31"]
[SourceQuality "1"]

1. d4 d5 2. c4 dxc4 3. e3 Nf6 4. Bxc4 e6 5. Nf3 c5 6. O-O a6 7. a4 Nc6 8. Qe2
Qc7 9. Nc3 Be7 10. b3 O-O (10... cxd4 11. exd4 O-O 12. Bb2 Rd8 13. Rfd1 Na5 14.
Ne5 Bd7 15. Ne4 Nxc4 16. bxc4 Nxe4 17. Qxe4 Be8 18. c5 Bc6 19. Nxc6 bxc6 20.
Bc3 Rd5 $11 {0-1 Opocensky,K-Fuster,G/Munich 1941/HCL (51)}) 11. Bb2 Bd7 (11...
cxd4 12. exd4 Nb4 (12... Na5 13. Rfd1 (13. Ne5 Nxc4 14. bxc4 b6 15. Rfd1 Re8
16. Rd3 Bb7 17. Rg3 Rad8 18. a5 bxa5 19. c5 g6 20. Rc1 Bf8 21. c6 Bc8 22. Rf3
Bg7 23. g4 Rf8 24. Ba3 $36 {1-0 Cobo Arteaga,E-Verstraeten,R/Skopje 1972/EXT
2000 (40)}) (13. Rac1 Nxc4 14. bxc4 Bd7 15. Ne5 {1/2-1/2 Groszpeter,A-Vaulin,A/
Zalaegerszeg 1991/EXT 97 (15)}) 13... Bd7 14. Ne5 Nxc4 15. bxc4 Rad8 16. Rd3
Bc8 17. Rad1 Rfe8 18. Rh3 Bf8 19. Ne4 Nxe4 20. Qxe4 f5 21. Qe2 g6 22. Rhd3 $14
{1/2-1/2 Weindl,A-Zifroni,D/Biel 1994/TD (33)}) 13. Rac1 Qd8 14. Rfd1 b6 15.
Ne5 Bb7 16. Nxf7 Rxf7 17. Bxe6 Nbd5 18. Ne4 Nf4 19. Nxf6+ Kh8 20. Qg4 Nxe6 21.
d5 Nf4 22. Qxf4 Bxf6 23. Bxf6 Qxf6 24. Qxf6 gxf6 25. d6 Rc8 {0-1 Hjartarson,
J-Dlugy,M/New York 1984/MCD (25)}) 12. d5 exd5 13. Nxd5 Nxd5 14. Bxd5 Rad8 15.
e4 (15. Rfd1 Qc8 16. Rac1 Be6 17. e4 $14) 15... Qc8 16. Nd2 $2 (16. Rfd1 $142)
16... Be6 $15 {[%csl Rd4]} 17. Nc4 Nd4 18. Bxd4 cxd4 19. Rac1 (19. Rfd1 Bxd5
20. exd5 Rfe8 (20... Qc5 21. b4 Qxd5 22. Qxe7 Qxc4 23. Qxb7 Rb8 (23... d3 24.
b5 $132) 24. Qa7 Rfd8 25. Rdc1 (25. Rac1 Qxb4 26. Qxa6 Ra8 $17) 25... Qxb4 26.
Qxa6 d3 $36) 21. Qd3 Qc5 $17) 19... Bxd5 20. exd5 Qd7 21. Nb6 Qd6 22. a5 Bf6
23. Qc4 Rfe8 24. g3 (24. Qc7 Qxc7 25. Rxc7 d3 $17 26. Rd1 Re2 27. Kf1 Bd4 28.
Rxd3 Rde8 $1 29. Re3 $1 Bxe3 30. fxe3 R2xe3 31. d6 R3e6 $1 $19 32. d7 $140 Rf6+
33. Kg1 Re1#) 24... h5 $1 $36 {>>} 25. b4 h4 26. Kg2 Qe5 27. Qd3 Qh5 $1 28.
Rfe1 h3+ 29. Kf1 Re5 30. f4 $1 (30. Red1 Rf5 31. Rc7 Rf3 32. Qe2 Qf5 {[%cal
Rd4d3]}) 30... Re7 31. Kf2 Rxe1 32. Rxe1 Qg4 {[%cal Yg7g5]} 33. d6 g5 34. Nd5 (
34. d7 gxf4 (34... Kg7 35. Re4 $16) 35. Re4 (35. Nd5 fxg3+ 36. Qxg3 Qxg3+ 37.
Kxg3 Kg7 $17) 35... fxg3+ 36. Qxg3 Qxg3+ 37. Kxg3 $132) 34... Rxd6 35. Nxf6+
Rxf6 36. Qxd4 Qf5 37. Re5 Qc2+ 38. Kf3 $2 {[%mdl 8192]} (38. Re2 Qc6 39. Re8+
Kg7 40. Re4 g4 $13) 38... Qg2+ 39. Kg4 (39. Ke3 gxf4+ 40. Kd3 Qf3+ 41. Kc2 fxg3
$19) 39... Rxf4+ 40. Qxf4 gxf4 0-1

[Event "Cannes masters k.o."]
[Site "Cannes"]
[Date "2000.02.22"]
[Round "5.4"]
[White "Tkachiev, Vladislav"]
[Black "Savchenko, Stanislav"]
[Result "1-0"]
[WhiteElo "2670"]
[BlackElo "2574"]
[Annotator "Huzman,A"]
[PlyCount "80"]
[EventDate "2000.02.19"]
[EventType "k.o."]
[EventRounds "5"]
[EventCountry "FRA"]
[SourceTitle "CBM 076"]
[Source "ChessBase"]
[SourceDate "2000.05.31"]
[SourceVersion "1"]
[SourceVersionDate "2000.05.31"]
[SourceQuality "1"]

1. d4 d5 2. c4 c6 3. Nf3 Nf6 4. Qc2 dxc4 5. e4 b5 6. b3 cxb3 7. axb3 e6 (7...
Bg4 8. Ne5 Qxd4 9. Nxc6 Qxa1 10. Bxb5 Bd7 11. Bb2 Qxb2 12. Qxb2 Nxc6 13. O-O e6
14. Rc1 Rc8 15. Rc4 Ne7 16. Nc3 Rb8 17. Bxd7+ Nxd7 18. Rc7 Nc8 19. Nb5 a6 20.
Qd4 Ncb6 21. Na7 e5 22. Qd3 Bc5 23. Nc6 Ra8 24. g3 h5 25. b4 Bf8 26. Qc3 Bd6
27. Rb7 Rh6 $17 {0-1 Rausis,I-Szabolcsi,J/FRA t-ch 2000 (59)}) 8. Bd2 Bb7 9.
Bd3 (9. Ba5 Qc8 10. Bd3 Be7 11. O-O h6 12. b4 O-O 13. Nbd2 Nbd7 14. Nb3 Re8 15.
Rfc1 Qb8 16. Qb2 Qf4 17. Qe2 Rac8 18. h3 Qb8 19. e5 Nh7 20. Nc5 Nb6 21. Qe4 $44
{0-1 Karner,C-Haznedaroglu,K/Patras GRE 1999 (40)}) 9... Be7 10. O-O O-O $2 (
10... Nbd7 11. e5 (11. Nc3 a6 (11... b4 12. Na4 $44) 12. e5 Nd5 13. Ne4 Nb4 $13
) 11... Nd5 12. Bxh7 (12. Ba5 Qc8 13. Bxh7 c5 $132) 12... c5 13. Bd3 a6 $36)
11. e5 Nd5 12. Bxh7+ Kh8 13. Be4 $16 Nd7 14. Nc3 a6 (14... N7b6 15. Bxd5 $5
Nxd5 (15... cxd5 16. Nxb5 $16) 16. Ne4 $16 {[%csl Rb7][%cal Ge4c5,Ge4g5]}) 15.
Nxd5 cxd5 16. Bd3 g6 (16... Rc8 17. Qd1 $40 {[%cal Gf3g5]}) 17. Ba5 Qe8 18. Qd2
Kg7 19. Rac1 Rc8 20. Bb4 $1 Nb8 21. Rxc8 $1 Bxc8 22. Rc1 Nc6 (22... Bd7 $142
23. h4 Nc6) 23. h4 (23. Bxe7 $1 Nxe7 24. Qg5 Nc6 25. Qf6+ Kg8 26. h4 $40) 23...
Bd7 24. Bxe7 Qxe7 25. Qf4 Nb4 26. Bb1 Rc8 27. Re1 $1 Rc3 (27... Rh8) 28. h5
gxh5 29. Qg3+ Kf8 (29... Kh8 30. Qh2) 30. Bh7 Ke8 31. Qg7 Nc6 (31... Qf8 $142
32. Qf6 Qe7 33. Qh8+ Qf8 34. Bg8 Rxf3 (34... Kd8 $5) 35. gxf3 Nc6 36. Kh1 $13)
32. Ng5 Nxd4 $2 (32... Qf8 33. Qf6 Qe7 $11) 33. Bg8 (33. Nxf7) 33... Kd8 34.
Bxf7 Kc7 35. Qg8 h4 36. Rd1 Ne2+ 37. Kh2 Nf4 $2 (37... Rc6 $142) 38. Rd4 Ne2
39. Rxh4 {[%cal Gh4h7]} Rc1 40. Bxe6 $18 Qc5 (40... Qc5 41. Qf7 Rh1+ 42. Kxh1
Qc1+ 43. Kh2 Qg1+ 44. Kh3 Qh1+ 45. Kg4 Qxg2+ 46. Kh5 $18) 1-0

[Event "Cannes masters k.o."]
[Site "Cannes"]
[Date "2000.02.22"]
[Round "5.5"]
[White "Tkachiev, Vladislav"]
[Black "Savchenko, Stanislav"]
[Result "1-0"]
[WhiteElo "2670"]
[BlackElo "2574"]
[PlyCount "109"]
[EventDate "2000.02.19"]
[EventType "k.o."]
[EventRounds "5"]
[EventCountry "FRA"]
[SourceTitle "CBM 076"]
[Source "ChessBase"]
[SourceDate "2000.05.31"]
[SourceVersion "1"]
[SourceVersionDate "2000.05.31"]
[SourceQuality "1"]

1. d4 Nf6 2. c4 c5 3. d5 e6 4. Nc3 exd5 5. cxd5 Bd6 6. Nf3 Bc7 7. Bg5 d6 8. e3
O-O 9. Be2 a6 10. a4 Nbd7 11. O-O h6 12. Bh4 Re8 13. Nd2 Rb8 14. Rb1 Qe7 15.
Qc2 Qf8 16. Rfd1 g5 17. Bg3 Ne5 18. b4 cxb4 19. Rxb4 Ba5 20. Rbb1 Bxc3 21. Qxc3
Nxd5 22. Qd4 Nf6 23. Bxa6 Bg4 24. Bb5 Bxd1 25. Bxe8 Rxe8 26. Rxd1 Nh5 27. Ne4
Re6 28. Nxd6 Nxg3 29. hxg3 Nc6 30. Qd2 Qe7 31. Nf5 Qf6 32. g4 h5 33. Qe2 hxg4
34. Qxg4 Ne5 35. Qe4 g4 36. Qf4 Ng6 37. Nh6+ Kh7 38. Qxf6 Rxf6 39. Nxg4 Ra6 40.
Rd7 Rxa4 41. Rxf7+ Kg8 42. Nh6+ Kh8 43. Rxb7 Ne5 44. Nf5 Ng4 45. Rb1 Ra5 46. e4
Kg8 47. f3 Ne5 48. Kh2 Kf7 49. Kg3 Ra3 50. Rb6 Ra2 51. Ne3 Nd3 52. Rd6 Ne1 53.
Rd1 Re2 54. Kf4 Ke6 55. g4 1-0

[Event "Cannes masters k.o."]
[Site "Cannes"]
[Date "2000.02.22"]
[Round "5.6"]
[White "Savchenko, Stanislav"]
[Black "Tkachiev, Vladislav"]
[Result "0-1"]
[WhiteElo "2574"]
[BlackElo "2670"]
[Annotator "Huzman,A"]
[PlyCount "46"]
[EventDate "2000.02.19"]
[EventType "k.o."]
[EventRounds "5"]
[EventCountry "FRA"]
[SourceTitle "CBM 076"]
[Source "ChessBase"]
[SourceDate "2000.05.31"]
[SourceVersion "1"]
[SourceVersionDate "2000.05.31"]
[SourceQuality "1"]

1. Nf3 d5 2. d4 Nf6 3. c4 dxc4 4. Nc3 a6 5. e4 b5 6. e5 Nd5 7. a4 e6 8. axb5
Nb6 9. Be3 Bb7 (9... Qd7 10. bxa6 Rxa6 11. Rc1 (11. Nd2 Bb7 12. Nxc4 Nxc4 13.
Bxc4 Rxa1 14. Qxa1 Bxg2 15. Rg1 Bb7 16. Qa7 Qc8 17. Ke2 g6 18. Bb5+ Nd7 19. Rc1
Be7 20. Ne4 c6 21. Bh6 $36 {1-0 Beliavsky,A-Kortschnoj,V/Frankfurt 1998/CBM 65
ext (46)}) 11... Nc6 12. Nd2 Na5 13. Qg4 Bb7 14. Be2 h5 15. Qg5 h4 16. O-O h3
17. g3 Rh7 18. Qg4 Be7 19. Rfd1 Kf8 20. Nce4 Nd5 21. Bf3 Qb5 22. Nc3 Nxc3 23.
bxc3 Bxf3 24. Qxf3 Qd5 $14 {1/2-1/2 Sakaev,K-Baburin,A/Vienna 1995/EXT 98 (57)}
) (9... Be7 10. Nd2 Bb7 (10... axb5 11. Rxa8 Nxa8 12. Nxb5 $16 {Chernin,
A-Miles,A/Biel (rapid) 1995/ (12)}) 11. bxa6 Nxa6 12. Nxc4 O-O 13. Nxb6 cxb6
14. Bxa6 Bxa6 15. f3 Bb4 16. h4 Bxc3+ 17. bxc3 Qc7 18. Qd2 Rfc8 19. Kf2 Qxc3
20. Qxc3 Rxc3 $11 21. Rhb1 Rc6 22. Rb2 Bb7 23. Rxa8+ Bxa8 24. d5 exd5 25. Bxb6
Rc8 26. Bd4 Bc6 27. g4 h5 28. gxh5 Bd7 {1/2-1/2 Piket,J-Nikolic,P/Monte Carlo
1998/CBM 63 ext (28)}) (9... axb5 10. Rxa8 Nxa8 11. Nxb5 Nb6 12. Nd2 Ba6 13.
Nc3 Nc6 14. Nde4 Be7 15. Qg4 Kf8 16. Ng3 Nb4 17. Be2 Nc2+ 18. Kd2 Nb4 19. Rd1
N6d5 20. Nh5 $36 {1/2-1/2 Nemtsev,I-Fominyh,A/Nizhnij Novgorod 1998/EXT 2000 
(58)}) 10. bxa6 (10. Nd2 axb5 11. Rxa8 Bxa8 12. Nxb5 Qd7 (12... Nc6 13. Nxc4
Bb4+ 14. Bd2 O-O 15. Nxb6 cxb6 16. Bxb4 Nxb4 17. Qd2 Nc6 18. Bc4 {1/2-1/2
Wells,P-Zilberman,Y/Herzliya 1998/EXT 99 (18)}) 13. Nc3 Qc6 14. h4 N8d7 15. Rh3
f6 16. exf6 Nxf6 17. Rg3 Kf7 18. Nf3 Nbd7 19. Ne5+ Nxe5 20. dxe5 Nd5 21. Qg4
Nxc3 22. bxc3 Qa6 23. Bxc4 Qa1+ 24. Ke2 Qb2+ 25. Bd2 Qb6 26. Qf5+ {1-0 Kinsman,
A-Shaw,J/Edinburgh 1996/EXT 98 (26)}) 10... Rxa6 11. Rxa6 Nxa6 12. Nd2 (12.
Bxc4 Nxc4 13. Qa4+ Qd7 14. Qxc4 Be7 15. O-O O-O 16. Ra1 Nb4 17. Nd2 Rd8 {
1/2-1/2 Pert,N-Zalkind,K/Witley 1999/CBM 71 ext (17)}) 12... Nb4 $1 13. Nxc4
Nxc4 14. Bxc4 Bxg2 15. Rg1 Bc6 $15 {[%csl Re1]} 16. Qb3 g6 (16... Qh4 17. Kd2
Qxh2 18. Ra1 $44) 17. Bb5 $2 (17. Ke2 $1 {[%cal Gg1d1,Gd1d5]} Be7 (17... Qh4
18. Ra1) (17... Qa8 18. Bg5) 18. Rd1 Qa8 19. d5 exd5 20. Nxd5 Nxd5 21. Bxd5 O-O
22. Qc4 $11) 17... Bxb5 18. Nxb5 Be7 19. Bh6 (19. Bg5 Nd5 20. Bxe7 Qxe7 $15)
19... Qb8 (19... c6 20. Qc4 Qd7 21. Na3 Qd5 $15) 20. Qc4 Kd7 $1 (20... c6 21.
Nc3 c5 22. Kf1 $13 {[%csl Rh8]}) 21. Rg3 (21. Bg5 $1 Bxg5 (21... Nd5 22. Bxe7
Kxe7 23. Nc3 $11) 22. Rxg5 Nd5 23. Rg3 c6 (23... Qb6 24. Rf3 Rb8 25. Nc3 $132)
24. Nd6 (24. Nc3 Qxb2 25. Nxd5 exd5 26. Qc5 Qb1+ 27. Kd2 Rb8 28. Qd6+ Ke8 29.
Qxc6+ Kf8 $36) 24... Qxb2 25. Rb3 Qa1+ 26. Ke2 Ra8 27. Rb7+ Nc7 $17) 21... Qb7
22. Rb3 $4 {[%mdl 8192]} (22. Bd2 Qc6 $1 (22... Nd5 23. Rf3 Rb8 (23... f5 24.
exf6 Bxf6 25. Nc3 Nxc3 26. Qxc3 $132) 24. Nc3 Ke8 25. Nxd5 exd5 26. Qa4+ Qb5
$15 {/=}) (22... Qh1+ 23. Ke2 Nd5 24. Na7 $1 $132) 23. Qxc6+ Nxc6 24. Na3 (24.
Bc3 Rb8 $17) (24. d5 exd5 25. Rd3 Nb4 $17) 24... Rb8 (24... Bxa3 25. Rxa3 Rb8
26. Bc3 Ne7 $15) (24... Ra8 25. Nc2 $15) 25. Nc4 (25. Bc3 Bxa3 26. bxa3 Rb3 $17
) 25... Ra8 (25... Nxd4 26. Rd3 c5 27. Bc3 Kc6 28. Bxd4 cxd4 29. Rxd4 f5 $15)
26. Rd3 Ra4 $1 27. b3 Ra2 $17) 22... Rb8 23. d5 (23. Nc3 Nc2+ $19) 23... Qxb5
0-1